000 00746nam a2200253 4500
003 OSt
005 20240725063508.0
006 a
008 240725b |||||||| |||| 00| 0 eng d
020 _a9781412921626
040 _aDWCL-Main lib.
_cOC
082 _2Second edition
_aCirc. 320.8 T396 2009
245 _aTheories of urban politics /
250 _aSecond edition
260 _aLondon :
_bSage,
_cc2009.
300 _axiii,
_b282 p. ;
_c24 cm.
504 _aIncludes bibliographical references & index.
650 _a1. Municipal government.
650 _a2. Urban policy.
650 _a3. Local government.
700 _aJonathan S. Davies
700 _aDavid L. Imbroscio
942 _2ddc
_n0
_cBK-CIRC
_eSecond edition
_kCirc.
999 _c2736
_d2736